| 000 | 03885nam a2200349 a 4500 | ||
|---|---|---|---|
| 003 | CHAP | ||
| 005 | 20230420185149.0 | ||
| 007 | ta | ||
| 008 | 230418s2012 ag adeofr|||| 001 0 spa d | ||
| 020 | _a978-987-572-235-4 | ||
| 040 |
_amxchpua _cCHAP _erda |
||
| 050 | 1 | 0 |
_aTK3201 _b.L48 2012 |
| 082 | 0 | 0 |
_a621.319 _bL48 2012 _220 |
| 100 | 1 |
_9186723 _aLevy, Rubén Roberto |
|
| 245 | 1 |
_aInstalaciones eléctricas seguras : _bdiseño, proyecto y montaje / _cRubén Roberto Levy |
|
| 250 | _aCuarta edición | ||
| 264 | 1 |
_aArgentina: _bGrupo Vanchri, _c2020. |
|
| 300 |
_a294 páginas : _btablas, fotos, gráficas y planos + _e1 CD |
||
| 336 |
_2rdacontent _atexto _btxt |
||
| 337 |
_2rdamedia _asin medio _bn |
||
| 338 |
_2rdacarrier _avolumen _bnc |
||
| 500 | _aIncluye CD con planos y artículos técnicos. Incluye en la portada: "Soluciones normalizadas para proyectar y ejecutar instalaciones eléctricas de baja tensión en viviendas, oficinas y locales comerciales de acuerdo a la Reglamentación para la Ejecución de Instalaciones Eléctricas de Inmuebles AEA 90364, Parte 7, Sección 771, de la Asociación Electrotécnica Argentina" | ||
| 504 | _aBibliografía: página 289 | ||
| 505 | 0 | _aUNIDAD 1: LA ELECTRICIDAD. VALORES CARACTERÍSTICOS. CORRECCIÓN DEL FACTOR DE POTENCIA -- UNIDAD 2: INTERPRETACIÓN CONCEPTUAL DE TÉRMINOS. DETERMINACIÓN DEL GRADO DE ELECTRIFICACIÓN Y DE LA CARGA TOTAL POR MEDIO DE LOS PUNTOS MÍNIMOS DE UTILIZACIÓN. EJEMPLOS EN VIVIENDAS, LOCALES Y OFICINAS ESQUEMAS PERMITIDOS Y PROHIBIDOS DE CONEXIÓN DE NEUTRO -- UNIDAD 3: CRITERIOS DE PROYECTO PARA LAS EDIFICACIONES. CRITERIOS PARA ESPACIOS COMUNES Y SERVICIOS GENERALES. CÁLCULO DE CORRIENTES ELÉCTRICAS DE MOTORES TRIFÁSICOS (ASCENSORES, BOMBAS DE AGUA) Y DE SISTEMAS DE ILUMINACIÓN PARA SERVICIOS GENERALES DE EDIFICIOS. EJEMPLO. PROTECCIONES DIFERENCIALES. -- UNIDAD 4: EJEMPLO DE CÁLCULO DE LA CARGA TOTAL DE UN CONJUNTO MULTIVIVIENDA CON LOCAL COMERCIAL Y OFICINAS -- UNIDAD 5: CRITERIOS DE UTILIZACIÓN DE CONDUCTORES Y CABLES. SELECCIÓN DE ACUERDO A LA RIEI. CANALIZACIONES, BANDEJAS, INSTALACIONES DE ILUMINACIÓN. -- UNIDAD 6: SELECCIÓN DE PROTECCIONES ELÉCTRICAS, INTERRUPTORES AUTOMÁTICOS, PROTECCIONES DIFERENCIALES. CONDICIONES DE SEGURIDAD EN INSTALACIONES ELÉCTRICAS. -- UNIDAD 7: EJEMPLOS DE DISEÑO DE INSTALACIONES -- UNIDAD 8: PROYECTO ELÉCTRICO DE UN EDIFICIO DE VIVIENDAS EN PH SEGÚN MÉTODO DE LA RIEI | |
| 505 | 0 | _aContenido de CD: -- Carpeta Anexos y Artículos -- Carpetas de proyectos y con planos en Autocad de temas tratados en el libro -- Proyecto de local comercial y planilla de carga. Carpeta de circuitos en departamentos -- Trabajos prácticos y respuestas. -- Carpeta de actividad en Carlos Paz -- Imágenes del texto - Carpeta de seguridad eléctrica -- Carpeta de proyecto de escuela de enseñanza técnica. | |
| 520 | 2 | _aHa sido diseñado de modo de permitir al lector la comprensión de los requerimientos de las instalaciones eléctricas y mediante numerosos ejemplos de aplicación, diseño y montaje de las tareas relacionadas, brindar al instalador la posibilidad de cumplir los requerimientos legales de las instalaciones eléctricas. El método de explicación en Módulos les permitirá a los instaladores, desde los de formación básica en electricidad hasta los técnicos y especialistas, actualizar sus conocimientos en instalaciones eléctricas de viviendas y edificios en propiedad horizontal; y mediante numerosos ejemplos comprender desde los fundamentos de la electricidad hasta la elaboración de un proyecto completo para un edificio en propiedad horizontal. | |
| 650 | 1 | 7 |
_aInstalaciones eléctricas _958971 _xMedidas de seguridad |
| 650 | 1 | 7 |
_aElectricidad _936215 |
| 650 | 1 | 3 |
_aElectric wiring _9149731 _xSafety measures |
| 650 | 1 | 3 |
_aElectricity _9150276 |
| 942 |
_2ddc _cLibro |
||
| 999 |
_c218611 _d218611 |
||